| 000 | 00741nam a2200289Ia 4500 | ||
|---|---|---|---|
| 008 | 160803s9999 xx 000 0 und d | ||
| 020 | _a9780142421031 | ||
| 100 | _aRepka, Janice | ||
| 245 | 4 | _aThe clueless girl's guide to being a genius / | |
| 245 | _cJanice Repka. | ||
| 260 | _aNew York : | ||
| 260 | _bScholastic Inc. | ||
| 260 | _c2011 | ||
| 300 | _a218 pages ; | ||
| 300 | _c22 cm | ||
| 650 | _aBaton twirling -- | ||
| 650 | _aGenius -- | ||
| 650 | _aMathematics -- | ||
| 650 | _aMiddle schools -- | ||
| 650 | _aTeachers -- | ||
| 650 | _xJuvenile fiction. | ||
| 650 | _xJuvenile fiction. | ||
| 650 | _xJuvenile fiction. | ||
| 650 | _xJuvenile fiction. | ||
| 650 | _xJuvenile fiction. | ||
| 700 | _a820 | ||
| 999 |
_c299805 _d299805 |
||